000 01719cam a22004574i 4500
003 PE-LiUPU
005 20250731173439.0
008 150616s1993 sp r 000 0 spa d
020 _a8476456646
035 _a(Sirsi) i9788476456644
040 _aPE-LiUPU
_bspa
_cPE-LiUPU
_erda
049 _aPRUA
082 0 4 _a289.9
_bD73
_221
100 1 _aDiestre Gil, Antolín,
_eautor.
245 1 0 _aManual de Controversia Sobre la Historia, Doctrina y Errores de los Testigos de Jehová /
_cAntolín Diestre Gil.
264 1 _aBarcelona :
_bEditorial Clíe,
_c1993.
300 _a592 páginas ;
_c22 centímetros
336 _atext
_2rdacontent
337 _aunmediated
_2rdamedia
338 _avolume
_2rdacarrier
505 0 _aAnálisis de las obras de sus dirigentes -- La concepción del Reino de Dios en 1914 con sus implicaciones escatológica y la del nombre divino, ¿una posición uniforme desde 1879 hasta nuestros días?.
526 _aSEG42
526 _aSEG41
526 _aSEG40
526 _aSEG39
526 _aP94
526 _aP87
526 _aP86
526 _aP85
526 _aP77
526 _aP76
526 _aP35
650 0 4 _aTestiogos de Jehova - Doctrinas - Refutación.
910 _ajck
_bjvq
_cjck
942 _2ddc
_cBOOK
949 _a289.9 D73
_wDEWEY
_c1
_i39437
_lCCODEBUL1
_mBUL
_r0
_sY
_tBOOK
_u2015-6-16
_xTEOLOGIA
_zUNKNOWN
_0COMPRA
_o.STAFF. Colección General
994 _aC0
_bPEPRU
596 _a1
999 _a289.9 D73
_wDEWEY
_c56669
_i39437
_d56669
_e2017-8-31
_f2021-11-11
_g5
_lCCODEBUL1
_mBUL
_n1
_p75.00
_r0
_sY
_tBOOK
_u2015-6-16
_xTEOLOGIA
_PP35
_0COMPRA
_o.STAFF. Colección Teología
980 _81
_gALBERTO SANCHEZ Responsable de Automatización